<?xml version="1.0" encoding="UTF-8"?>
<record
    xmlns:xsi="http://www.w3.org/2001/XMLSchema-instance"
    xsi:schemaLocation="http://www.loc.gov/MARC21/slim http://www.loc.gov/standards/marcxml/schema/MARC21slim.xsd"
    xmlns="http://www.loc.gov/MARC21/slim">

  <leader>00873nas a2200301 i#4500</leader>
  <controlfield tag="001">2606</controlfield>
  <controlfield tag="003">ES-MaACL</controlfield>
  <controlfield tag="005">20250822100007.0</controlfield>
  <controlfield tag="007">t|</controlfield>
  <controlfield tag="008">950801d18501905fr a|0p       |    ||re d</controlfield>
  <datafield tag="022" ind1=" " ind2=" ">
    <subfield code="a">1245-8171</subfield>
  </datafield>
  <datafield tag="080" ind1=" " ind2=" ">
    <subfield code="a">(059)(44) </subfield>
  </datafield>
  <datafield tag="080" ind1=" " ind2=" ">
    <subfield code="a">82-7(059)</subfield>
  </datafield>
  <datafield tag="245" ind1="0" ind2="0">
    <subfield code="a">Almanach pour rire / </subfield>
    <subfield code="c">texte par Henri Monnier...[et at] ; illustr&#xE9; par Cham.</subfield>
  </datafield>
  <datafield tag="260" ind1=" " ind2=" ">
    <subfield code="a">Paris : </subfield>
    <subfield code="b">Pagnerre, </subfield>
    <subfield code="c">1850-[ca 1905]</subfield>
  </datafield>
  <datafield tag="300" ind1=" " ind2=" ">
    <subfield code="a">1 v. ; </subfield>
    <subfield code="c">19 cm.</subfield>
  </datafield>
  <datafield tag="310" ind1=" " ind2=" ">
    <subfield code="a">Anual</subfield>
  </datafield>
  <datafield tag="362" ind1="0" ind2=" ">
    <subfield code="a">1re ann&#xE9;e (1850)-56e ann&#xE9;e [1905?]</subfield>
  </datafield>
  <datafield tag="650" ind1="0" ind2="7">
    <subfield code="a">S&#xE1;tira</subfield>
    <subfield code="2">embne</subfield>
    <subfield code="9">16997</subfield>
  </datafield>
  <datafield tag="650" ind1="0" ind2="7">
    <subfield code="a">Humorismo franc&#xE9;s</subfield>
    <subfield code="2"></subfield>
    <subfield code="9">148466</subfield>
  </datafield>
  <datafield tag="655" ind1=" " ind2="0">
    <subfield code="a">Almanaques</subfield>
    <subfield code="9">241262</subfield>
  </datafield>
  <datafield tag="700" ind1="1" ind2=" ">
    <subfield code="a">Monnier, Henry.</subfield>
    <subfield code="9">82249</subfield>
  </datafield>
  <datafield tag="700" ind1="0" ind2=" ">
    <subfield code="a">Cham,</subfield>
    <subfield code="d">1819-1879</subfield>
    <subfield code="9">126439</subfield>
  </datafield>
  <datafield tag="852" ind1=" " ind2=" ">
    <subfield code="a">ES-MaACL</subfield>
    <subfield code="c">DEPOF</subfield>
    <subfield code="j">T-215-F-1-8</subfield>
  </datafield>
  <datafield tag="866" ind1=" " ind2="0">
    <subfield code="o">1862-67,1869-70.</subfield>
  </datafield>
  <datafield tag="942" ind1=" " ind2=" ">
    <subfield code="2">udc</subfield>
    <subfield code="c">PERIODICA</subfield>
    <subfield code="n">0</subfield>
  </datafield>
  <datafield tag="999" ind1=" " ind2=" ">
    <subfield code="c">2606</subfield>
    <subfield code="d">2606</subfield>
  </datafield>
  <datafield tag="952" ind1=" " ind2=" ">
    <subfield code="0">0</subfield>
    <subfield code="1">0</subfield>
    <subfield code="2">udc</subfield>
    <subfield code="4">0</subfield>
    <subfield code="7">0</subfield>
    <subfield code="8">Colecci&#xF3;n_de_folletos</subfield>
    <subfield code="a">ATENEOM</subfield>
    <subfield code="b">ATENEOM</subfield>
    <subfield code="c">DEPOF</subfield>
    <subfield code="d">2008-01-17</subfield>
    <subfield code="l">0</subfield>
    <subfield code="o">T-215-F-1-8</subfield>
    <subfield code="p">1002650</subfield>
    <subfield code="r">2023-02-23 00:00:00</subfield>
    <subfield code="y">PERIODICA</subfield>
  </datafield>
</record>
